[Event "Titled Tuesday intern op 19th Mar Early"]
[Site "Chess.com INT"]
[Date "2024.03.19"]
[Round "6"]
[White "Pavlidou, Ekaterini"]
[Black "Yashmetov, Mikhail"]
[Result "0-1"]
[WhiteElo "2201"]
[BlackElo "2307"]
[PlyCount "86"]
[EventDate "2024.03.19"]
[EventType "swiss (blitz)"]
[EventRounds "11"]
[EventCountry "USA"]
[SourceTitle "EXT 2025"]
[Source "ChessBase"]
[SourceDate "2024.10.14"]
[SourceVersion "1"]
[SourceVersionDate "2024.10.14"]
[SourceQuality "1"]

1. d4 Nf6 2. c4 e6 3. Nc3 Bb4 4. e3 c5 5. Bd3 Nc6 6. Nge2 0-0 7. 0-0 Bxc3 8. Nxc3 cxd4 9. exd4 Nxd4 10. Bxh7+ Kxh7 11. Qxd4 Qa5 12. Qh4+ Qh5 13. Qg3 d5 14. Bg5 Ne4 15. Nxe4 dxe4 16. Rad1 b6 17. Be7 Re8 18. Qc7 Ba6 19. Bd8 Rc8 20. Qxa7 Bxc4 21. Bxb6 Bxf1 22. Rxf1 Qd5 23. Qa3 Ra8 24. Qh3+ Kg8 25. a3 Rab8 26. Qe3 Qd3 27. Bd4 Red8 28. Be5 Rb5 29. Bc3 Rf5 30. Re1 Qc2 31. Qg3 f6 32. h4 Rd3 33. Re3 Qc1+ 34. Kh2 Rxe3 35. fxe3 Qd1 36. Qb8+ Kh7 37. Qe8 Qg4 38. Be1 Rf1 39. Bg3 Qd1 40. Bf4 Rh1+ 41. Kg3 Qe1+ 42. Kg4 f5+ 43. Kg5 Qxh4# 0-1

[Event "Titled Tuesday intern op 19th Mar Late"]
[Site "Chess.com INT"]
[Date "2024.03.19"]
[Round "8"]
[White "Postny, Evgeny"]
[Black "Yashmetov, Mikhail"]
[Result "1-0"]
[WhiteElo "2599"]
[BlackElo "2307"]
[PlyCount "219"]
[EventDate "2024.03.19"]
[EventType "swiss (blitz)"]
[EventRounds "11"]
[EventCountry "USA"]
[SourceTitle "EXT 2025"]
[Source "ChessBase"]
[SourceDate "2024.10.14"]
[SourceVersion "1"]
[SourceVersionDate "2024.10.14"]
[SourceQuality "1"]

1. e4 c6 2. c4 d5 3. exd5 cxd5 4. cxd5 Nf6 5. Nc3 Nxd5 6. Nf3 g6 7. Bc4 Nb6 8. Bb3 Bg7 9. d4 0-0 10. h3 Nc6 11. d5 Na5 12. 0-0 Nxb3 13. axb3 Bxc3 14. bxc3 Qxd5 15. Qe2 Qxb3 16. Qxe7 Qxc3 17. Bh6 Bf5 18. Bxf8 Rxf8 19. Qxb7 Nc8 20. Rfc1 Qf6 21. Ra6 Qd8 22. Qc7 Qd3 23. Ra2 Qd5 24. Rd2 Qe4 25. Re1 Qb4 26. Rd8 a5 27. Ree8 Rxe8 28. Rxe8+ Kg7 29. Qe5+ f6 30. Qc7+ Kh6 31. Rg8 Ne7 32. Qc1+ g5 33. Rxg5 Qb1 34. Qxb1 Bxb1 35. Rxa5 Nf5 36. g4 Nd6 37. Ra6 Ne4 38. Kg2 Kg7 39. Nd4 Nc5 40. Ra5 Ne4 41. Nf5+ Kg6 42. Ra7 Kg5 43. Rxh7 Kf4 44. Rb7 Bd3 45. Rb4 Be2 46. Rxe4+ Kxe4 47. Ng3+ Kd3 48. Nxe2 Kxe2 49. h4 Kd3 50. Kf3 Kd4 51. Kf4 Kd5 52. h5 Kd6 53. Kf5 Kd7 54. Kxf6 Kd8 55. Kf7 Kc8 56. Ke7 Kc7 57. f4 Kc6 58. f5 Kc5 59. Ke6 Kc4 60. Ke5 Kc3 61. g5 Kc2 62. h6 Kc1 63. Ke4 Kb1 64. f6 Kb2 65. g6 Kb3 66. f7 Kb4 67. g7 Kb5 68. h7 Kb6 69. Ke5 Kb7 70. Ke6 Kb8 71. Ke7 Ka8 72. Ke8 Ka7 73. f8Q Ka6 74. g8Q Ka5 75. h8Q Ka4 76. Ke7 Ka3 77. Qb8 Ka4 78. Qb7 Ka5 79. Kf7 Ka4 80. Kg7 Ka5 81. Kh7 Ka4 82. Kh6 Ka5 83. Kh5 Ka4 84. Kh4 Ka5 85. Kh3 Ka4 86. Kh2 Ka5 87. Kh1 Ka4 88. Kg1 Ka5 89. Kg2 Ka4 90. Kg3 Ka5 91. Kg4 Ka4 92. Kg5 Ka5 93. Kg6 Ka4 94. Kf6 Ka5 95. Kf5 Ka4 96. Kf4 Ka5 97. Qf8 Ka4 98. Ke4 Ka5 99. Kd4 Ka4 100. Qhg8 Ka5 101. Qgh7 Ka4 102. Qhh1 Ka5 103. Kd5 Ka4 104. Qff3 Ka5 105. Qhf1 Ka4 106. Q1d3 Ka5 107. Qdb1 Ka4 108. Kc4 Ka5 109. Qfe4 Ka4 110. Qa8# 1-0

[Event "Titled Tuesday intern op 05th Mar Early"]
[Site "Chess.com INT"]
[Date "2024.03.05"]
[Round "2"]
[White "Daurimbetov, Azamat"]
[Black "Yashmetov, Mikhail"]
[Result "0-1"]
[WhiteElo "2067"]
[BlackElo "2307"]
[PlyCount "44"]
[EventDate "2024.03.05"]
[EventType "swiss (blitz)"]
[EventRounds "11"]
[EventCountry "USA"]
[SourceTitle "EXT 2025"]
[Source "ChessBase"]
[SourceDate "2024.10.14"]
[SourceVersion "1"]
[SourceVersionDate "2024.10.14"]
[SourceQuality "1"]

1. e4 c6 2. d4 d5 3. Nc3 dxe4 4. Nxe4 Nf6 5. Nxf6+ exf6 6. Be2 Bd6 7. Bf3 0-0 8. Ne2 Re8 9. 0-0 Nd7 10. c4 Nf8 11. c5 Bc7 12. Be3 Ng6 13. b3 Nh4 14. Nc3 f5 15. d5 f4 16. Bd4 Qg5 17. d6 Bh3 18. g3 Ba5 19. Ne4 Qg6 20. Re1 Bxe1 21. Nf6+ gxf6 22. Bh5 Qg5 0-1

[Event "Titled Tuesday intern op 05th Mar Early"]
[Site "Chess.com INT"]
[Date "2024.03.05"]
[Round "7"]
[White "Fiorito, Joaquin"]
[Black "Yashmetov, Mikhail"]
[Result "0-1"]
[WhiteElo "2409"]
[BlackElo "2307"]
[PlyCount "124"]
[EventDate "2024.03.05"]
[EventType "swiss (blitz)"]
[EventRounds "11"]
[EventCountry "USA"]
[SourceTitle "EXT 2025"]
[Source "ChessBase"]
[SourceDate "2024.10.14"]
[SourceVersion "1"]
[SourceVersionDate "2024.10.14"]
[SourceQuality "1"]

1. d4 Nf6 2. c4 e6 3. Nc3 Bb4 4. f3 d5 5. a3 Bxc3+ 6. bxc3 0-0 7. cxd5 exd5 8. e3 c5 9. Bd3 Nc6 10. Ne2 Qa5 11. 0-0 Re8 12. Bd2 Qc7 13. Ng3 g6 14. Ra2 Bd7 15. Bc1 Re7 16. Re2 Rae8 17. Rfe1 h5 18. Bb2 h4 19. Nf1 h3 20. g4 Nxg4 21. fxg4 Bxg4 22. Qd2 Bxe2 23. Qxe2 Qb6 24. Ba1 Qa5 25. Rd1 Qxa3 26. Qf3 cxd4 27. cxd4 Qa4 28. Qe2 Qa5 29. Qg4 Qa4 30. Rc1 Ne5 31. Qe2 Nxd3 32. Qxd3 b5 33. Bb2 b4 34. Ra1 Qc6 35. Qe2 Qc4 36. Qg4 Qc2 37. Bc1 b3 38. Qxh3 b2 39. Bxb2 Qxb2 40. Ra6 Qe2 41. Ra3 Re4 42. Rxa7 Rg4+ 43. Kh1 Rc8 44. Ra1 Re8 45. Ra6 Rg5 46. Rf6 Rh5 47. Qg3 Re7 48. Rf2 Qd3 49. Rf4 Qe2 50. Rf2 Qa6 51. Qb8+ Kg7 52. Qd8 Qe6 53. Ng3 Rh4 54. Rg2 Rg4 55. h3 Rg5 56. h4 Qh3+ 57. Rh2 Qxg3 58. hxg5 Qf3+ 59. Kg1 Qxe3+ 60. Rf2 Qxg5+ 61. Kf1 Re1+ 62. Kxe1 Qxd8 0-1